000 00506nam a22001817a 4500
005 20240606061434.0
008 240606b |||||||| |||| 00| 0 eng d
040 _aIN-DiNC
_cIN-DiNC
041 _dasm
082 _a363.68
_bKHE
100 _aKheria, Tarun Chandra
_eauthor
245 _aKazirangar diary/
_cby Tarun Chandra Kheria
250 _a1st ed.
260 _aMoranhat:
_bAntaranga prakashan,
_c2006.
300 _a192p.
650 _aWritings based on Kaziranga National Park
942 _2ddc
_cBK
999 _c11844
_d11844